| 000 | 00581nam a2200193Ia 4500 | ||
|---|---|---|---|
| 005 | 20260114185634.0 | ||
| 008 | 008 260114s9999 xx 000 0 eng d | ||
| 020 | _a9781350987418 | ||
| 037 | _aEBOOK | ||
| 040 |
_aCRL _beng _cCRL |
||
| 041 |
_aeng _2eng |
||
| 084 | _qCRL | ||
| 100 |
_aJean-Marie Borzeix _9872547 |
||
| 245 | 0 | _aOne Day in France Tragedy and Betrayal in an Occupied Village | |
| 260 |
_bBloomsbury _c2016 |
||
| 856 | _uhttps://doi.org/10.5040/9781350987418?locatt=label:secondary_bloomsburyCollections | ||
| 942 | _cEBOOK | ||
| 999 |
_c1471495 _d1471495 |
||